Normal view
MARC view
- Lembaga Penyelidikan Undang-undang
Entry Corporate Name
001 - CONTROL NUMBER
- control field: 8990
003 - CONTROL NUMBER IDENTIFIER
- control field: OSt
005 - DATE AND TIME OF LATEST TRANSACTION
- control field: 20170727151923.0
008 - FIXED-LENGTH DATA ELEMENTS
- fixed length control field: 170727|| aca||aabn | a|a d
040 ## - CATALOGING SOURCE
- Original cataloging agency: OSt
- Transcribing agency: OSt
110 ## - HEADING--CORPORATE NAME
- Corporate name or jurisdiction name as entry element: Lembaga Penyelidikan Undang-undang
670 ## - SOURCE DATA FOUND
- Source citation: Work cat.: (OSt): Malaysia 400, Customs (Prohibition Of Imports) Order 2017 / Customs (Prohibition Of Exports) Order 2017, 2017

PORTAL AKMAL
E-MEL JKDM
AKMAL2U
G-BAM
u-PUSTAKA